| 000 | 00756cam a2200253 a 4500 | ||
|---|---|---|---|
| 001 | 4947633 | ||
| 005 | 20260430140438.0 | ||
| 008 | 961202s1997 maua 001 0 eng | ||
| 020 |
_a0395782902 _qstudent text |
||
| 020 |
_a0395782910 _qinstructor's ed. |
||
| 020 |
_a9780395782903 _q(student text) |
||
| 020 |
_a9780395782910 _q(instructor's ed.) |
||
| 050 | 0 | 0 |
_aPE1122 _b.F55 1997 |
| 082 | 0 | 0 |
_a428.6 _221 |
| 100 | 1 | _aFlemming, Laraine E. | |
| 245 | 1 | 0 |
_aReading for thinking / _cLaraine E. Flemming. |
| 250 | _a2nd ed. | ||
| 260 |
_aBoston : _bHoughton Mifflin Co., _cc1997. |
||
| 300 |
_axv, 478 p. : _bill. ; _c24 cm. |
||
| 500 | _aIncludes index. | ||
| 650 | 0 | _aCollege readers. | |
| 650 | 0 | _aCritical thinking. | |
| 942 |
_2lcc _cBK _e2nd Ed. _n0 |
||
| 999 |
_c9734 _d9734 |
||